Lakossági hitelezés metódusai

Bibliographic Details
Main Author: Uti Anett
Other Authors: Szekeres Dr. Bernadett
Format: Project work
Kulcsszavak:Lakossági hitelek
Banki hitelezés
Hitelezési folyamatok
Online Access:http://dolgozattar.uni-bge.hu/16322

MARC

LEADER 00000nnm a2200000 i 4500
001 dolg16322
005 20180516164002.0
008 180516suuuu hu o 000 hun d
040 |a BGE Dolgozattár Repozitórium  |b hun 
041 |a hu 
100 1 |a Uti Anett 
245 1 0 |a Lakossági hitelezés metódusai  |c Uti Anett  |h [elektronikus dokumentum] 
516 |a Project_work 
695 |a Lakossági hitelek 
695 |a Banki hitelezés 
695 |a Hitelezési folyamatok 
700 1 |a Szekeres Dr. Bernadett  |e ths 
856 4 0 |u http://dolgozattar.uni-bge.hu/16322/1/Download%20File.pdf  |z Dokumentum-elérés 
856 4 0 |u http://dolgozattar.uni-bge.hu/16322/2/SKMBT_C28018051615110.pdf  |z Dokumentum-elérés